Marketing Management (Record no. 2007)

MARC details
000 -LEADER
fixed length control field 00378nam a22001697a 4500
005 - DATE AND TIME OF LATEST TRANSACTION
control field 20160528094831.0
008 - FIXED-LENGTH DATA ELEMENTS--GENERAL INFORMATION
fixed length control field 160528b xxu||||| |||| 00| 0 eng d
020 ## - INTERNATIONAL STANDARD BOOK NUMBER
ISBN 81-7446-542-1
041 ## - LANGUAGE CODE
Language code of text/sound track or separate title eng
082 ## - DEWEY DECIMAL CLASSIFICATION NUMBER
Item number 5606
100 ## - MAIN ENTRY--AUTHOR NAME
Personal name Kazmi, S.H.H.
245 ## - TITLE STATEMENT
Title Marketing Management
260 ## - PUBLICATION, DISTRIBUTION, ETC. (IMPRINT)
Name of publisher Excel Books
300 ## - PHYSICAL DESCRIPTION
Number of Pages 699
650 ## - SUBJECT ADDED ENTRY--TOPICAL TERM
Topical Term Management
942 ## - ADDED ENTRY ELEMENTS (KOHA)
Koha item type Books
Holdings
Lost status Damaged status Collection code Home library Current library Shelving location Date acquired Cost, normal purchase price Full call number Accession Number Koha item type
    Reference JRU Library   SHELF-28-J 28/05/2016 350.00 5606 5606 Books
    MANAGEMENT JRU Library JRU Library SHELF - 69 I 28/05/2016 350.00 5606 5607 Books
    MANAGEMENT JRU Library JRU Library SHELF - 69 I 28/05/2016 350.00 5606 5608 Books
    MANAGEMENT JRU Library JRU Library SHELF - 69 I 28/05/2016 350.00 5606 5609 Books
    MANAGEMENT JRU Library JRU Library SHELF - 69 I 28/05/2016 350.00 5606 5610 Books
    MANAGEMENT JRU Library JRU Library SHELF - 69 I 28/05/2016 350.00 5606 5611 Books
    MANAGEMENT JRU Library JRU Library SHELF - 69 I 28/05/2016 350.00 5606 5612 Books
    MANAGEMENT JRU Library JRU Library SHELF - 69 I 28/05/2016 350.00 5606 5613 Books
    MANAGEMENT JRU Library JRU Library SHELF - 69 I 28/05/2016 350.00 5606 5614 Books
    MANAGEMENT JRU Library JRU Library SHELF - 69 I 28/05/2016 350.00 5606 5615 Books
      JRU Library   Shelf - 27- F 28/05/2016 350.00 5606 5616 Books
    MANAGEMENT JRU Library JRU Library SHELF - 69 I 28/05/2016 350.00 5606 5617 Books
    MANAGEMENT JRU Library JRU Library SHELF - 69 I 28/05/2016 350.00 5606 5618 Books
    MANAGEMENT JRU Library JRU Library SHELF - 69 I 28/05/2016 350.00 5606 5619 Books
    MANAGEMENT JRU Library JRU Library SHELF - 69 I 28/05/2016 350.00 5606 5620 Books